MARC

LEADER 00000nlm0a2200000 4500
001 643719
005 20231101134259.0
029 1 0 |a RU  |b 792518  |c А. с.  |d МПК H 02 K 47/24  |d МПК B 23 K 9/00 
035 |a (RuTPU)RU\TPU\network\8716 
035 |a RU\TPU\network\8713 
039 0 |a RU  |b  2698192  |c 19781214 
090 |a 643719 
100 |a 20150925j19801230k y0rusy50 ca 
101 0 |a rus 
102 |a RU 
105 |a a k 000zy 
135 |a drmn ---uucaa 
181 0 |a i  
182 0 |a b 
200 1 |a Сварочный преобразователь  |f Г. А. Сипайлов [и др.]  |g Томский политехнический институт (ТПИ) 
203 |a Текст  |c электронный 
300 |a опубл. 30.12.80 
610 1 |a патенты 
610 1 |a труды учёных ТПУ 
610 1 |a электронный ресурс 
610 1 |a изобретения 
610 1 |a авторские свидетельства 
701 1 |a Сипайлов  |b Г. А.  |c специалист в области электромеханики  |c профессор Томского политехнического университета  |f 1920-2004  |g Геннадий Антонович  |2 stltpush  |3 (RuTPU)RU\TPU\pers\12400 
701 1 |a Лоос  |b А. В.  |c российский ученый  |c профессор кафедры электрооборудования и электротехники Томского политехнического университета  |f 1941-  |g Александр Владимирович  |2 stltpush  |3 (RuTPU)RU\TPU\pers\19834 
701 1 |a Гумовский  |b Ю. Н.  |g Юрий Никитич 
701 1 |a Яковлев  |b А. А.  |g Алексей Алексеевич 
701 1 |a Федоренко  |b Г. А.  |g Глеб Афанасьевич 
712 0 2 |a Томский политехнический институт (ТПИ)  |c (1944-1991)  |2 stltpush  |3 (RuTPU)RU\TPU\col\1123 
801 1 |a RU  |b 63413507  |c 20120201 
801 2 |a RU  |b 63413507  |c 20160609  |g RCR 
856 4 |u http://www1.fips.ru/fips_servl/fips_servlet?DB=RUPAT&rn=5813&DocNumber=792518&TypeFile=html 
942 |c CF